Toán cao cấp : Toán 2

Gespeichert in:
Bibliographische Detailangaben
1. Verfasser: Đỗ, Công Khanh
Format: Buch
Sprache:Undetermined
Veröffentlicht: Thành phố Hồ Chí Minh Nxb. Đại học Quốc gia Thành phố Hồ Chí Minh 2002
Schlagworte:
Tags: Tag hinzufügen
Keine Tags, Fügen Sie den ersten Tag hinzu!
Thư viện lưu trữ: Trung tâm Học liệu Trường Đại học Cần Thơ
LEADER 00687nam a2200217Ia 4500
001 CTU_56939
008 210402s9999 xx 000 0 und d
020 |c 17000 
082 |a 515 
082 |b Kh107 
100 |a Đỗ, Công Khanh 
245 0 |a Toán cao cấp : 
245 0 |b Toán 2 
245 0 |c Đỗ Công Khanh 
260 |a Thành phố Hồ Chí Minh 
260 |b Nxb. Đại học Quốc gia Thành phố Hồ Chí Minh 
260 |c 2002 
650 |a Algebras, Linear,Advanced mathematics 
650 |x Textbooks 
904 |i Huỳnh Mai, sử dụng số 515 cho cả bộ 
980 |a Trung tâm Học liệu Trường Đại học Cần Thơ